2008 GOP Presidential Candidates Quiz Stats

 Plays Quiz Updated Feb 25, 2019

Score 0/7 Timer 02:00
0 Plays Today
Office(s) Candidate % Correct
U.S. Senator from Arizona (1987-2018), U.S. Congressman (1981-1987)John McCain
98.3%
Governor of Massachusetts (2003-'07)Mitt Romney
86.7%
Governor of Arkansas (1996-2007)Mike Huckabee
76.9%
U.S. Congressman from Texas (1976-'77, '79-'85, '97-present), 1988 Libertarian Presidential NomineeRon Paul
71.2%
New York City Mayor (1994-2001)Rudy Giuliani
66.9%
U.S. Senator from Tennessee (1994-2003)Fred Thompson
38.7%
U.S. Congressman from California (1981-2009)Duncan Hunter
13.8%

You're not logged in!

Compare scores with friends on all Sporcle quizzes.
OR
Log In

Sporcle TV

Today on Sporcle TV


Watch our educational content, quiz creation guides, and fun videos on Sporcle TV.

Show Comments

Extras

Top Quizzes Today


Score Distribution

Your Account Isn't Verified!

In order to create a playlist on Sporcle, you need to verify the email address you used during registration. Go to your Sporcle Settings to finish the process.

Report this User

Report this user for behavior that violates our Community Guidelines.

Details: